000 00794nam a22001937a 4500
003 AM-YeHGA
005 20250617154003.0
008 180405s1915 ru ||||| |||| 00| 0 rus d
040 _aAM-YeHGA
041 0 _arus
245 0 0 _aОдиннадцать интермедий XVIII века :
_cИмператорское Общество любителей древней письменности
260 _aБ. г. :
_bБ.и.,
_c1915
300 _a60 с.
440 _aПамятники древней письменносим и искусства
653 0 _aИстория русского театра - Пьесы 18 в.
710 1 _aИмператорское Общество любителей древней письменности
942 _2udc
_cBK
090 _c404435
999 _c402221
_d402221